000
00244nam a2200109 a 4500
008
101022s1987|||| d
245
1
0
_a
Len nech sme zdravĂ
260
_b
Osveta
_a
Martin
_c
1987
020
_c
13
041
_a
slo
044
_a
xo
_c
SK
999
_c
12027
_d
12027